Normal view
MARC view
Entry Personal Name
001 - CONTROL NUMBER
- control field: 46844
003 - CONTROL NUMBER IDENTIFIER
- control field: dpl
005 - DATE AND TIME OF LATEST TRANSACTION
- control field: 20120510151852.0
008 - FIXED-LENGTH DATA ELEMENTS
- fixed length control field: 120510|||a|||||| | ||| d
040 ## - CATALOGING SOURCE
- Original cataloging agency: dpl
- Transcribing agency: dpl
100 ## - HEADING--PERSONAL NAME
- Personal name: Farooqui, Amar
670 ## - SOURCE DATA FOUND
- Source citation: Work cat.: (dpl): Remembering Dr Gangadhar Adhikari :, 2000
670 ## - SOURCE DATA FOUND
- Source citation: Work cat.: (dpl): Remembering Dr Gangadhar Adhikari :, 2000
